| 000 | 01015nam a22001937a 4500 | ||
|---|---|---|---|
| 003 | OSt | ||
| 005 | 20251116154615.0 | ||
| 008 | 251116b |||||||| |||| 00| 0 eng d | ||
| 040 | _cDCL | ||
| 082 | _a၂၉၄.၃၈၂၄၇ | ||
| 130 |
_aတိပိဋက။ _pအဘိဓမ္မာပိဋက။ _tပဋ္ဌာန်း၊ _lပါဠိတော်၊ _sနိဿယ။ |
||
| 245 |
_aပဋ္ဌာန်းပါဠိတော်နိဿယ ၊ _nတတိယတွဲ / _bအရှင်နန္ဒမေဓာ။ |
||
| 250 | _aဒုတိယအကြိမ်။ | ||
| 264 |
_aရန်ကုန် ၊ _bဣစ္ဆာသယပိဋကတ်စာပုံနှိပ်တိုက်၊ _c၁၉၇၂။ |
||
| 300 |
_aဆ၊ ၃၀၀ စာမျက်နှာ ၊ _c၂၆ စင်တီ။ |
||
| 650 |
_aပဋ္ဌာန်း _vပါဠိတော်နိဿယ။ |
||
| 700 | _aနန္ဒမေဓာ၊ အရှင် | ||
| 942 |
_2ddc _cSHORT TERM _n0 |
||
| 999 |
_c2477 _d2477 |
||